Statistics for Top 25 Premier League Goalscorers 2021/22

Click here to take the quiz!

General Stats

  • This quiz has been taken 123 times
  • The average score is 22 of 25

Answer Stats

RankClubNationGoalsPlayer% Correct
4Tottenham HotspurEngland17Harry Kane
100%
1LiverpoolEgypt23Mohamed Salah
100%
5LiverpoolSenegal16Sadio Mané
100%
2Tottenham HotspurSouth Korea23Son Heung-min
100%
3Manchester UnitedPortugal18Cristiano Ronaldo
99%
6Manchester CityBelgium15Kevin De Bruyne
99%
8Leicester CityEngland15Jamie Vardy
95%
7LiverpoolPortugal15Diogo Jota
94%
18ArsenalEngland11Bukayo Saka
93%
15Manchester CityAlgeria11Riyad Mahrez
93%
22EvertonBrazil10Richarlison
91%
10Manchester CityEngland13Raheem Sterling
90%
21Manchester UnitedPortugal10Bruno Fernandes
89%
13BrentfordEngland12Ivan Toney
89%
9Crystal PalaceIvory Coast14Wilfried Zaha
89%
16ChelseaEngland11Mason Mount
88%
17Norwich CityFinland11Teemu Pukki
87%
12Leicester CityEngland12James Maddison
85%
14Leeds UnitedBrazil11Raphinha
82%
11West Ham UnitedEngland12Jarrod Bowen
81%
19Aston VillaEngland11Ollie Watkins
73%
24ArsenalEngland10Emile Smith Rowe
72%
25SouthamptonEngland10James Ward-Prowse
70%
20West Ham UnitedEngland10Michail Antonio
70%
23WatfordNigeria10Emmanuel Dennis
56%

Score Distribution

Percentile by Number Answered

Percent of People with Each Score

Your Score History

You have not taken this quiz